|
|
|
|
| LEADER |
00000nab a2200000 a 4500 |
| 001 |
vtls000105475 |
| 003 |
SK-MaSNL |
| 005 |
20260303165504.0 |
| 008 |
160215c1982 xo 0 slo |
| 015 |
|
|
|a SNBRB19rr/mm-uuuuu
|
| 035 |
|
|
|a CL0115578
|
| 040 |
|
|
|a SNKBUCL
|b slo
|c SNKBUCL
|e AACR2
|
| 041 |
0 |
|
|a slo
|
| 044 |
|
|
|a xo
|c SK
|
| 080 |
|
|
|a 82:929:885.4
|2 1981
|
| 080 |
|
|
|a 885.4
|2 1981
|
| 080 |
|
|
|a 929 Čepčeková, Elena
|2 1981
|
| 100 |
1 |
|
|a Pifko, Henrich,
|d 1932-
|4 aut
|9 223452
|
| 245 |
1 |
0 |
|a Píše pre radosť detí
|b Elena Čepčeková 60-ročná
|c Henrich Pifko
|
| 600 |
1 |
7 |
|a Čepčeková, Elena,
|d 1922-1992
|2 snkbucl
|9 93046
|
| 650 |
0 |
7 |
|a literatúra pre deti a mládež
|2 snkbucl
|9 21893
|
| 655 |
|
7 |
|a články z novín a časopisov
|2 snkbucl
|9 267496
|
| 655 |
|
7 |
|a články z odboru literárna veda a krásna literatúra
|2 snkbucl
|9 770045
|
| 773 |
0 |
|
|t Pravda
|g Roč. 63, č. 21 (26. 1. 1982), s. 5
|
| 850 |
|
|
|a Slovenská národná knižnica v Martine
|a MTA001
|
| 852 |
|
|
|a SNK
|b KIS3GCP
|
| 958 |
|
|
|a BX
|
| 958 |
|
|
|a RK
|
| 958 |
|
|
|a LX
|
| 992 |
|
|
|a RBX
|
| 999 |
|
|
|c 2072004
|d 2073934
|